51 leków ratownika medycznego - Statystyki

Ogólne statystyki
  • Ten quiz został rozwiązany 138 razy
    136 od ostatniego zresetowania
  • Średni wynik to 20 z 51
Statystyki odpowiedzi
Numer Odpowiedź % Poprawnych
4 Adrenalina
84%
40 Paracetamol
80%
35 Morfina
77%
19 Ibuprofen
67%
9 Fentanyl
64%
2 Amiodaron
58%
1 Adenozyna
53%
3 Atropina
52%
45 Sól fizjologiczna
52%
48 Tlen
52%
36 Nalokson
50%
7 Diazepam
48%
11 Furosemid
47%
12 Glukagon
47%
18 Hydroksyzyna
47%
38 Noradrenalina
47%
15 Heparyna
45%
41 PWE
45%
34 Midazolam
44%
37 Nitrogliceryna
42%
44 Salbutamol
42%
22 Ketoprofen
41%
10 Flumazenil
39%
26 Kwas acetylosalicylowy
39%
16 Hydrokortyzon
38%
23 Klemastyna
38%
8 Drotaweryna
36%
13 Glukoza 20
36%
14 Glukoza 5
36%
24 Klonazepam
36%
39 Papaweryna
36%
6 Deksametazon
33%
29 Magnez
33%
31 Metamizol
33%
5 Budezonid
31%
30 Mannitol 15%
31%
33 Metoprolol
31%
43 Płyn Ringera
31%
49 Urapidyl
31%
28 Lidokaina
30%
21 Kaptopryl
28%
27 Kwas traneksamowy
28%
25 Klopidogrel
25%
32 Metoklopramid
25%
50 Wodorowęglan sodu
25%
46 Torecan
22%
47 Tikagrelor
20%
42 Prasugrel
19%
17 Hydroksyetyloskrobia
16%
51 Żelatyna modyfikowana
16%
20 Izosorbid monoazotu
14%
Nie znaleziono quizów pasujących do podanych kryteriów
Rozkład punktacji
Procent ludzi z każdym wynikiem
Percentyl według liczby udzielonych odpowiedzi
Twoja historia wyników
Nie rozwiązałeś tego quizu od ostatniego zresetowania